Poznámky k plánu novátorská metoda

Salvato in:
Dettagli Bibliografici
Autore principale: Šolc, Vladimír
Natura: Libro
Lingua:ceco
Pubblicazione: Praha Práce 1979
Serie:Na pomoc iniciativě pracujících
Tags: Aggiungi Tag
Nessun Tag, puoi essere il primo ad aggiungerne!!

MARC

LEADER 00000nam a2200000 4500
001 c119539
005 20050302095226.6
041 0 |a cze 
044 |a CZ 
245 1 0 |a Poznámky k plánu  |b novátorská metoda  |c Vladimír Šolc 
264 1 |a Praha  |b Práce  |c 1979 
300 |a 25 s. 
490 1 |a Na pomoc iniciativě pracujících 
830 0 |a Na pomoc iniciativě pracujících 
100 1 |a Šolc, Vladimír